The Helios parallel operating system / (Record no. 9309)

MARC details
000 -LEADER
fixed length control field 00723nac a22002171u 4500
010 ## - LIBRARY OF CONGRESS CONTROL NUMBER
LC control number 92218728
020 ## - INTERNATIONAL STANDARD BOOK NUMBER
International Standard Book Number 0133812375
082 00 - DEWEY DECIMAL CLASSIFICATION NUMBER
Classification number 005.44
Item number HEL
090 ## - LOCALLY ASSIGNED LC-TYPE CALL NUMBER (OCLC); LOCAL CALL NUMBER (OCLC)
-- 9309
-- 9309
100 ## - MAIN ENTRY--PERSONAL NAME
Personal name 20080729
245 04 - TITLE STATEMENT
Title The Helios parallel operating system /
Statement of responsibility, etc Perihelion Software Ltd.
260 ## - PUBLICATION, DISTRIBUTION, ETC. (IMPRINT)
Place of publication, distribution, etc New York :
Name of publisher, distributor, etc Prentice Hall,c.1991.
Date of publication, distribution, etc c.1991.
300 ## - PHYSICAL DESCRIPTION
Extent xvi, 599 p. :
Other physical details ill. ;
Dimensions 24 cm.
500 ## - GENERAL NOTE
General note Includes index.
500 ## - GENERAL NOTE
General note Distributer: Al-Ahram.
511 ## - PARTICIPANT OR PERFORMER NOTE
Participant or performer note Catalogued By: Mahitab.
650 #0 - SUBJECT ADDED ENTRY--TOPICAL TERM
Topical term or geographic name as entry element Operating systems (Computers)
650 #0 - SUBJECT ADDED ENTRY--TOPICAL TERM
Topical term or geographic name as entry element Parallel processing (Electronic computers)
710 2# - ADDED ENTRY--CORPORATE NAME
Corporate name or jurisdiction name as entry element Perihelion Software Ltd.
942 ## - ADDED ENTRY ELEMENTS (KOHA)
Item type Book - Borrowing
Call number prefix 005.44HEL
Holdings
Withdrawn status Item status Damaged status Not for loan Home library Current library Shelving location Date acquired Source of acquisition Total Checkouts Full call number Barcode Date last seen Cost, replacement price Koha item type
        Central Library Central Library Lower Floor 30/04/2008 Purchase   005.44HEL 000011238 15/07/2025 183.00 Book - Borrowing